[Event "Loire-ch op 0506"]
[Site "Loire"]
[Date "2006.03.04"]
[Round "5"]
[White "Chabas, Jean Luc"]
[Black "Volay, Pascal"]
[Result "1-0"]
[WhiteElo "1590"]
[BlackElo "1330"]
[PlyCount "75"]
[EventDate "2005.11.27"]
[EventType "swiss"]
[EventRounds "6"]
[EventCountry "FRA"]
[SourceTitle "EXT 2008"]
[Source "ChessBase"]
[SourceDate "2007.11.25"]
[SourceVersion "1"]
[SourceVersionDate "2007.11.25"]
[SourceQuality "1"]

1. e4 e5 2. Nf3 Nc6 3. Bb5 a6 4. Ba4 Nf6 5. 0-0 b5 6. Bb3 Be7 7. Re1 0-0 8. c3 d6 9. h3 Bb7 10. d4 exd4 11. cxd4 Nd7 12. Bf4 Na5 13. Bc2 f6 14. b3 Nc6 15. Nbd2 Bc8 16. Nf1 Re8 17. a3 Nf8 18. Bh2 g6 19. Qd2 Qd7 20. Qh6 Bd8 21. Rac1 Qg7 22. Qd2 Bd7 23. b4 Rb8 24. Bb3+ Kh8 25. Bf4 Na7 26. Bh6 Qe7 27. h4 Be6 28. d5 Bf7 29. Qd4 Rb7 30. g4 Kg8 31. Ng3 Qd7 32. e5 dxe5 33. Nxe5 Qd6 34. Nxf7 Rxe1+ 35. Rxe1 Kxf7 36. Bf4 Qd7 37. d6+ Kg7 38. Qd5 1-0

[Event "Loire-ch op"]
[Site "Loire"]
[Date "2004.03.06"]
[Round "4"]
[White "Conesa, Antoine"]
[Black "Volay, Pascal"]
[Result "0-1"]
[WhiteElo "1320"]
[BlackElo "1499"]
[PlyCount "112"]
[EventDate "2004.01.10"]
[EventType "swiss"]
[EventRounds "9"]
[EventCountry "FRA"]
[SourceTitle "EXT 2008"]
[Source "ChessBase"]
[SourceDate "2007.11.25"]
[SourceVersion "1"]
[SourceVersionDate "2007.11.25"]
[SourceQuality "1"]

1. e4 e5 2. Nf3 Nc6 3. d4 exd4 4. Nxd4 Nf6 5. Bg5 Be7 6. Nxc6 bxc6 7. Bd3 d6 8. 0-0 h6 9. Bh4 Rb8 10. b3 Bb7 11. Nd2 c5 12. a4 0-0 13. Qf3 Nh7 14. Bxe7 Qxe7 15. Qe3 Qg5 16. f4 Qe7 17. c4 Nf6 18. Rae1 Rfe8 19. h3 Qd7 20. Qg3 Nh5 21. Qf3 Nf6 22. Qd1 Re7 23. Re3 Rbe8 24. Rfe1 g6 25. Nf3 Bxe4 26. Bxe4 Nxe4 27. Qe2 Ng3 28. Qf2 Rxe3 29. Rxe3 Rxe3 30. Qxe3 Qe6 31. Qxe6 fxe6 32. Kf2 Nf5 33. g4 Nd4 34. Nxd4 cxd4 35. Kf3 c5 36. Ke4 Kf7 37. h4 Kf6 38. g5+ hxg5 39. hxg5+ Kf7 40. Kd3 e5 41. fxe5 dxe5 42. Ke4 Ke6 43. a5 a6 44. b4 cxb4 45. c5 b3 46. Kd3 b2 47. Kc2 b1Q+ 48. Kxb1 Kd5 49. c6 Kxc6 50. Kc2 e4 51. Kd2 Kc5 52. Ke2 Kc4 53. Kd2 e3+ 54. Ke2 Kc3 55. Kd1 d3 56. Kc1 e2 0-1

[Event "Loire-ch op"]
[Site "Loire"]
[Date "2004.01.10"]
[Round "2"]
[White "Chalendar, Antoine"]
[Black "Volay, Pascal"]
[Result "0-1"]
[WhiteElo "1299"]
[BlackElo "1499"]
[PlyCount "150"]
[EventDate "2004.01.10"]
[EventType "swiss"]
[EventRounds "9"]
[EventCountry "FRA"]
[SourceTitle "EXT 2008"]
[Source "ChessBase"]
[SourceDate "2007.11.25"]
[SourceVersion "1"]
[SourceVersionDate "2007.11.25"]
[SourceQuality "1"]

1. d4 d5 2. Nf3 Nc6 3. Bf4 e6 4. e3 Bd6 5. Bxd6 Qxd6 6. c4 dxc4 7. Na3 Qb4+ 8. Qd2 Qxd2+ 9. Nxd2 Nb4 10. Ndxc4 Nf6 11. Be2 0-0 12. 0-0 Bd7 13. Bf3 Rab8 14. Rfc1 Bc6 15. Bxc6 Nxc6 16. Nc2 b5 17. Nd2 a6 18. b4 Rfd8 19. a4 Ne8 20. a5 Nf6 21. Nf3 Nd5 22. e4 Nc3 23. Re1 Rd7 24. Re3 Na4 25. Ra2 Rbd8 26. e5 Ne7 27. g3 Nd5 28. Nfe1 Nxe3 29. fxe3 Nc3 30. Ra3 Nd5 31. Kf2 f5 32. exf6 Nxf6 33. Kf3 Rf7 34. Nd3 Nd7+ 35. Ke4 c6 36. Rc3 Rc8 37. Nc5 Nxc5+ 38. Rxc5 Kf8 39. g4 Ke7 40. Ke5 g6 41. Ne1 h5 42. h3 Kd7 43. Ke4 hxg4 44. hxg4 Rh8 45. Nd3 Kd6 46. Ne5 Rc7 47. Kf4 Rf8+ 48. Kg5 Rg8 49. e4 Rgg7 50. Nxg6 Rc8 51. Kf6 Rcg8 52. e5+ Kc7 53. Nf4 Kd7 54. Nxe6 Rg6+ 55. Kf7 Rxg4 56. Nf8+ Rxf8+ 57. Kxf8 Rxd4 58. e6+ Kxe6 59. Rxc6+ Rd6 60. Rxd6+ Kxd6 61. Ke8 Kd5 62. Kd7 Kc4 63. Kc6 Kxb4 64. Kb6 Ka4 65. Kxa6 b4 66. Kb6 b3 67. a6 b2 68. a7 b1Q+ 69. Kc7 Qc2+ 70. Kb7 Qb3+ 71. Kc7 Qc4+ 72. Kb7 Qf7+ 73. Kb8 Qe8+ 74. Kb7 Qd7+ 75. Kb6 Qc8 0-1

[Event "Loire-ch op"]
[Site "Loire"]
[Date "2004.01.10"]
[Round "1"]
[White "Volay, Pascal"]
[Black "Megnot, Philippe"]
[Result "0-1"]
[WhiteElo "1499"]
[BlackElo "1150"]
[PlyCount "50"]
[EventDate "2004.01.10"]
[EventType "swiss"]
[EventRounds "9"]
[EventCountry "FRA"]
[SourceTitle "EXT 2008"]
[Source "ChessBase"]
[SourceDate "2007.11.25"]
[SourceVersion "1"]
[SourceVersionDate "2007.11.25"]
[SourceQuality "1"]

1. e4 d5 2. exd5 Qxd5 3. Nc3 Qa5 4. d4 c6 5. Bd2 e6 6. Nf3 Be7 7. Bd3 Nf6 8. h3 Nbd7 9. Ne4 Qc7 10. Nxf6+ Nxf6 11. Qe2 Nd5 12. c4 Nb4 13. 0-0 Nxd3 14. Qxd3 0-0 15. Rfe1 b6 16. a3 Bb7 17. b4 Rad8 18. c5 Rd5 19. Re5 Rfd8 20. Rae1 Bf6 21. Rxd5 Rxd5 22. Ne5 Qd8 23. Bf4 Rxd4 24. Qg3 Qd5 25. cxb6 axb6 0-1